01338nab a22001937a 4500003000400000005001700004008004100021040000700062100003500069245014700104260007300251300001200324500007200336505046300408505008900871650002900960650002200989773013301011OSt20251227010939.0190603e xxum|||| |||| 00| 0 spa d cPJ aLafferriére, Jorge Nicolás13aEl vicio de lesión a 10 años de la sanción del Código Civil y Comercial : buna revisión doctrinaria /cJorge Nicolás Lafferriere. cCiudad Autónoma de Buenos Aires :aThomson Reuters La Ley, b2025. ap. 5-20 aCita: TR LALEY AR/DOC/1773/2025 Publicado en: RCCyC 2025 (agosto). aSumario: I. Introducción.— II. Cuestiones controvertidas de la lesión.— III. El fundamento de la lesión.— IV. El ámbito de aplicación de la lesión.— V. Los parámetros del elemento objetivo.— VI. Sobre los alcances del elemento subjetivo del lesionado.— VII. Sobre la presunción legal de la lesión.— VIII. Criterios para decidir el reajuste equitativo.— IX. La lesión y su relación con otras figuras.— X. Conclusiones.  t¿Te interesa el texto completo? Solicitalo al correo: koha@justierradelfuego.gov.ar 0aCODIGO CIVIL Y COMERCIAL 0aACTOS JURÍDICOS0 02713dCiudad Autónoma de Buenos Aires : Thomson Reuters La Ley, 2015-tRevista Código Civil y Comercial. Nº 4 - Agosto 2025